书目信息 |
| 题名: |
中国劳动力市场转型中的个人收入分配研究
|
|
| 作者: | 申丹虹 著 | |
| 分册: | ||
| 出版信息: | 北京 经济科学出版社 2009 |
|
| 页数: | 254页 | |
| 开本: | 21cm | |
| 丛书名: | 中青年经济学家文库 | |
| 单 册: | ||
| 中图分类: | F126.2 | |
| 科图分类: | ||
| 主题词: | 个人收入--收入分配--研究--中国 , 个人收入 , 收入分配 | |
| 电子资源: | ||
| ISBN: | 978-7-5058-7969-0 | |
| 000 | 01237oam2 2200289 45 | |
| 001 | 1050682250 | |
| 005 | 20100415164954.50 | |
| 010 | @a978-7-5058-7969-0@dCNY15.00 | |
| 100 | @a20100408d2009 em y0chiy0110 ea | |
| 101 | 0 | @achi@deng |
| 102 | @aCN@b110000 | |
| 105 | @ay z 000yy | |
| 106 | @ar | |
| 200 | 1 | @a中国劳动力市场转型中的个人收入分配研究@AZhong Guo Lao Dong Li Shi Chang Zhuan Xing Zhong De Ge Ren Shou Ru Fen Pei Yan Jiu@dResearch on individual earnings distribution in labour market transition of China@f申丹虹著@FShen Dan Hong Zhu@zeng |
| 210 | @a北京@c经济科学出版社@d2009 | |
| 215 | @a254页@d21cm | |
| 225 | 2 | @a中青年经济学家文库 |
| 330 | @a本书共6章,主要内容包括:劳动力市场中个人收入分配理论综述、中国计划经济时期的劳动力配置和收入分配、中国劳动力市场分割与收入分配、劳动力市场灵活性与收入分配、转型国家的劳动力市场与收入分配等。 | |
| 461 | 0 | @12001 @a中青年经济学家文库 |
| 510 | 1 | @aResearch on individual earnings distribution in labour market transition of China@zeng |
| 606 | 0 | @a个人收入@x收入分配@x研究@y中国 |
| 606 | 0 | @a个人收入 |
| 606 | 0 | @a收入分配 |
| 690 | @aF126.2@v4 | |
| 701 | 0 | @a申丹虹@AShen Dan Hong@4著 |
| 801 | 0 | @aCN@bTANGWEI@c20100415 |
| 905 | @b0589457-61@dF126.2@e147@f5 | |
| 中国劳动力市场转型中的个人收入分配研究=Research on individual earnings distribution in labour market transition of China/申丹虹著.-北京:经济科学出版社,2009 |
| 254页;21cm.-(中青年经济学家文库) |
| ISBN 978-7-5058-7969-0:CNY15.00 |
| 本书共6章,主要内容包括:劳动力市场中个人收入分配理论综述、中国计划经济时期的劳动力配置和收入分配、中国劳动力市场分割与收入分配、劳动力市场灵活性与收入分配、转型国家的劳动力市场与收入分配等。 |
| ● |
| 相关链接 |
|
|
|
|
正题名:中国劳动力市场转型中的个人收入分配研究
索取号:F126.2/147
 
预约/预借
| 序号 | 登录号 | 条形码 | 馆藏地/架位号 | 状态 | 备注 |
| 1 | 0589457 | 205894576 | 第一样本阅览室/ [索取号:F126.2/147] | 在馆 | |
| 2 | 0589458 | 205894585 | 第一借阅区/ [索取号:F126.2/147] | 在馆 | |
| 3 | 0589459 | 205894594 | 第一借阅区/ [索取号:F126.2/147] | 在馆 | |
| 4 | 0589460 | 205894601 | 第一借阅区/ [索取号:F126.2/147] | 在馆 | |
| 5 | 0589461 | 205894610 | 第一借阅区/ [索取号:F126.2/147] | 在馆 |